000 00243nam a2200097Ia 4500
008 190216s9999||||xx |||||||||||||| ||und||
100 _aRamachandra Mahendra
245 0 _aHindi-Seth Govind Das
260 _bMac Millian And Com. Ltd
942 _cBK
999 _c18348
_d18348